000 01374nam a22003857a 4500
003 CHAP
005 20220329140231.0
008 971013s1975 r 00010 d
010 _a48972
011 _a49944
035 _a54094
040 _cCHAP
090 _aTesis
100 0 0 _aRivera Díaz, Jorge Manuel.
_997631
245 _aEstudio de las propiedades mineralógicas y termodinámicas de los sedimientos superficiales del ex-Lago de Texcoco, Méx.
260 _aChapingo, Méx. :
_bEl autor,
_c1975
300 _a100 h.
502 _aTesis (M. C. Esp. en Suelos) -- ENA. Colegio de Postgraduados. Rama de Suelos
590 _aALEPH
_b10
_c20130110
_lUCH01
_h1321
590 _aBATCH-UPD
_b10
_c20130109
_lUCH01
_h2320
590 _aBATCH-UPD
_b10
_c20130110
_lUCH01
_h1527
590 _aBATCH-UPD
_b10
_c20130409
_lUCH01
_h1843
590 _aBATCH-UPD
_b10
_c20130410
_lUCH01
_h0936
590 _aBATCH-UPD
_b10
_c20130914
_lUCH01
_h1713
590 _aCONVERSION
_b10
_c20130109
_lUCH01
_h1327
650 1 4 _aLago de Texcoco.
_964410
650 1 4 _aSedimentación y deposición.
_9103571
650 1 4 _aSuelos
_xElementos minerales.
_9110356
650 1 4 _aSuelos
_xFísica de.
_9110373
901 _aBK
942 _cFOLL
949 _bBC
_cTES
_d-119557
_eTS1
_i54094
_si
949 _bBC
_cTES
_d-119559
_eTS2
_fc.2
_i54094
_si
949 _bBC
_cTES
_d-119560
_eTS2
_fc.3
_i54094
_si
999 _c48972
_d48972